Música per a dansa
Descripción Física:
3 discos sonors (CD) (76, 79, 68 min.) : digital, estèreo ; en contenidor desplegable
MARC
| LEADER | 00000nam a2200000Ia 4500 | ||
|---|---|---|---|
| 001 | 23782 | ||
| 008 | 160829s9999 xx 000 0 cat d | ||
| 080 | |a CD-1-227 | ||
| 100 | |a Col·lectiu d'instrumentistes de l'Institut del Teatre |9 50187 | ||
| 245 | |a Música per a dansa | ||
| 260 | |a Barcelona : |b Diputació de Barcelona, DL 2013 | ||
| 300 | |a 3 discos sonors (CD) (76, 79, 68 min.) : |b digital, estèreo ; |c en contenidor desplegable | ||
| 590 | |a Títol agafat del contenidor. | ||
| 590 | |a Editat amb motiu del Centenari de l'Institut del Teatre | ||
| 650 | |a Ballet |9 50188 | ||
| 650 | |a Música ballable |9 50189 | ||
| 650 | |a Flamenc, Música de I |9 50190 | ||
| 650 | |a Ballet |x Ensenyament |9 50191 | ||
| 650 | |a Dansa contemporània |x Ensenyament |9 50192 | ||
| 650 | |a Flamenc (Dansa) |x Ensenyament |9 50193 | ||
| 710 | 1 | |a Barcelona (Catalunya : Província). |b Diputació |9 52408 | |
| 901 | |a Arxiu | ||
| 942 | |n 1 | ||
| 952 | |0 0 |1 0 |4 0 |6 CD1227 |7 1 |9 55827 |a Arxiu |b Arxiu |d 2016-12-01 |l 0 |o CD-1-227 |p 23782 |r 2016-12-01 00:00:00 |w 2016-12-01 |y ARXIU | ||
| 999 | |c 59700 |d 59700 | ||